| 000 | 00767nas a2200265 i 4500 | ||
|---|---|---|---|
| 001 | 899 | ||
| 003 | ES-MaACL | ||
| 005 | 20250718150755.0 | ||
| 007 | t| | ||
| 008 | 950801c1949 gw d| | 1 ||er d | ||
| 022 | _a0174-4909 | ||
| 080 | _a(430) | ||
| 080 | _a07 | ||
| 245 | 0 | 0 |
_aFrankfurter allgemeine _b: Zeitung für Deutschland. |
| 246 | 1 | 3 | _aFrankfurter Allgemeine Zeitung |
| 260 |
_aFrankfurt am Main : _bFrankfurter Allgemeine Zeitung, _c1949- |
||
| 300 |
_a296 v. ; _c57 cm. |
||
| 310 | _aDiario | ||
| 362 | 0 | _aNº 1 (1 nov. 1949)- | |
| 650 | 1 | 4 |
_aPeriódicos _915941 |
| 852 |
_aES-MaACL _jHEM-H-417 _dOlim: Hem-758 bis _9922 _zExpurgado: 22-1-2025 |
||
| 866 | 0 | _o(1976-79)1980-82.1996-2005. | |
| 942 |
_2udc _cPERIODICO |
||
| 999 |
_c899 _d899 |
||